| 000 | 00385cam a2200157ua 4500 | ||
|---|---|---|---|
| 041 |
_aeng _h |
||
| 082 |
_a621.8152 _bABB/MA |
||
| 100 | _aAbbott, W. | ||
| 245 |
_aMachine drawing and design / _cW Abbot. _hTextual Documents |
||
| 250 |
_a8 / _b. |
||
| 260 |
_aMumbai : _bBlackie and Son (India) Ltd. , _c1962. |
||
| 300 | _a298 ; . | ||
| 504 | _a | ||
| 942 | _cBK | ||
| 999 |
_c192 _d192 |
||